Statistics for Spain... or Portugal?

Click here to take the quiz!

General Stats

  • This quiz has been taken 1,250 times
  • The average score is 11 of 15

Answer Stats

QuestionAnswer% Correct
Is the birthplace of Christiano RonaldoPortugal
95%
Its capital city is on the oceanPortugal
95%
Is the second most visited country in the world by touristsSpain
93%
Is on the Iberian PeninsulaBoth
91%
Has a present-day king and queenSpain
86%
Used to be part of the Roman EmpireBoth
82%
Has the higher GDP per capita of the twoSpain
81%
Borders the Mediterranean SeaSpain
72%
Has territory on mainland AfricaSpain
70%
Holds the largest bridge in the worldPortugal
65%
Was neutral during World War IIBoth
57%
Is the older country of the twoPortugal
55%
Has the higher population densityPortugal
54%
Christopher Columbus lived here at one point in his lifeBoth
50%
Has one official languageBoth
40%

Score Distribution

Percentile by Number Answered

Percent of People with Each Score

Your Score History

You have not taken this quiz